| 000 | 00760nam a2200265Ia 4500 | ||
|---|---|---|---|
| 003 | OSt | ||
| 005 | 20221005062152.0 | ||
| 006 | a|||||r|||| 00| 0 | ||
| 007 | ta | ||
| 008 | 221004b |||||||| |||| 00| 0 eng d | ||
| 020 |
_a9781138698963 (pbk) _cUKP 31.99 |
||
| 024 | _a36372 | ||
| 037 |
_bBBS/117, 30/01/2018, Better Book Service _cTextual |
||
| 040 |
_aCRL _cCRL _beng |
||
| 041 |
_2eng _aeng |
||
| 082 | _aS, Q3;Q8 | ||
| 100 | _aEysenck Michael W. Au. | ||
| 245 | 0 | _aSimply psychology | |
| 250 | _a4th | ||
| 260 |
_aLondon _bRoutledge UK _c2018 |
||
| 300 |
_avi,456p. _ccm. |
||
| 650 | _aPSYCHOLOGY | ||
| 942 |
_hS, Q3;Q8 _cTEXL _2cc |
||
| 999 |
_c969283 _d969283 |
||